[Event "CAN-ch University"]
[Site "London,Canada"]
[Date "2017.01.14"]
[Round "3"]
[White "Gladstone, Simon"]
[Black "Caen, Andy"]
[Result "1-0"]
[WhiteElo "2168"]
[BlackElo "2113"]
[PlyCount "85"]
[EventDate "2017.01.14"]
[EventType "swiss"]
[EventRounds "5"]
[EventCountry "CAN"]
[SourceTitle "EXT 2022"]
[Source "ChessBase"]
[SourceDate "2021.10.06"]
[SourceVersion "1"]
[SourceVersionDate "2021.10.06"]
[SourceQuality "1"]

1. e4 e6 2. d4 d5 3. Nd2 Nf6 4. e5 Nfd7 5. Bd3 c5 6. c3 Nc6 7. Ne2 Qb6 8. Nf3 f6 9. exf6 Nxf6 10. 0-0 cxd4 11. cxd4 Bd6 12. b3 e5 13. dxe5 Nxe5 14. Ned4 0-0 15. Bb2 Bg4 16. h3 Bh5 17. g4 Nfxg4 18. Nxe5 Bxe5 19. hxg4 Qh6 20. Nf5 Rxf5 21. Bxf5 Bxb2 22. Rb1 Ba3 23. gxh5 Rf8 24. Qxd5+ Kh8 25. Bg4 Qf4 26. Qg2 Bc5 27. Rbc1 Qg5 28. Rc3 Rf4 29. Rg3 Qe5 30. Rf3 Rd4 31. Re3 Qb8 32. Rfe1 Rd8 33. R3e2 Rf8 34. Qe4 Rxf2 35. Rxf2 Qg3+ 36. Kh1 Qxf2 37. Qe8+ Bf8 38. Qe2 Qh4+ 39. Kg2 h6 40. Qf3 Be7 41. Rc1 Bc5 42. Rxc5 Qd8 43. Rc8 1-0

[Event "Kitchener Riedstra Memorial"]
[Site "Kitchener"]
[Date "2012.03.11"]
[Round "5"]
[White "Bellissimo, Joseph F"]
[Black "Gladstone, Simon"]
[Result "0-1"]
[WhiteElo "1940"]
[BlackElo "2066"]
[PlyCount "124"]
[EventDate "2012.03.09"]
[EventType "swiss"]
[EventRounds "5"]
[EventCountry "CAN"]
[SourceTitle "EXT 2022"]
[Source "ChessBase"]
[SourceDate "2021.10.06"]
[SourceVersion "1"]
[SourceVersionDate "2021.10.06"]
[SourceQuality "1"]

1. e4 e6 2. d4 d5 3. e5 c5 4. c3 Nc6 5. Nf3 Qb6 6. a3 c4 7. Nbd2 Na5 8. Be2 Bd7 9. 0-0 0-0-0 10. Re1 Kb8 11. Rb1 Rc8 12. g3 Be7 13. Qc2 h5 14. h4 Nh6 15. Nf1 Nb3 16. Bd1 Rcg8 17. Bf4 Ka8 18. N1d2 Na5 19. Nf1 f6 20. exf6 gxf6 21. Qd2 Nf7 22. Bc2 Bd6 23. Bxd6 Qxd6 24. Ne3 Rg7 25. Ng2 e5 26. dxe5 fxe5 27. Qe3 e4 28. Nd4 Ne5 29. Rbd1 Rf8 30. Rf1 Bh3 31. Rd2 Nf3+ 32. Nxf3 exf3 33. Rfd1 Bxg2 34. Rxd5 Qc7 35. Rc5 Nc6 36. Rxc4 Qc8 37. Qc5 Rgg8 38. g4 hxg4 39. Be4 g3 40. Bxc6 Qxc6 41. Qxc6 gxf2+ 42. Kxf2 bxc6 43. Rxc6 Bh3 44. Ke3 f2 45. h5 Rg3+ 46. Ke4 Bg2+ 47. Ke5 Bxc6 48. h6 f1Q 49. Rxf1 Rxf1 50. h7 Rh1 51. Kf4 Rg2 52. b4 Rxh7 53. Ke5 Rg3 54. c4 Rxa3 55. b5 Bxb5 56. cxb5 Rh5+ 57. Kd6 Rxb5 58. Kc6 Rh5 59. Kd6 Ra6+ 60. Kc7 Rh7+ 61. Kc8 Rg6 62. Kd8 Rg8# 0-1

[Event "Wch U16"]
[Site "Caldas Novas"]
[Date "2011.11.18"]
[Round "1"]
[White "Gladstone, Simon"]
[Black "Kriebel, Tadeas"]
[Result "0-1"]
[WhiteElo "1975"]
[BlackElo "2359"]
[PlyCount "120"]
[EventDate "2011.11.18"]
[EventType "swiss"]
[EventRounds "9"]
[EventCountry "BRA"]
[SourceTitle "EXT 2013"]
[Source "ChessBase"]
[SourceDate "2012.11.22"]
[SourceVersion "1"]
[SourceVersionDate "2012.11.22"]
[SourceQuality "1"]

1. e4 c5 2. Nf3 d6 3. d4 cxd4 4. Nxd4 Nf6 5. Nc3 a6 6. Qf3 e6 7. Be3 Qc7 8. g4 Nc6 9. g5 Nd7 10. 0-0-0 Nxd4 11. Rxd4 b5 12. Bg2 Bb7 13. Qg3 Rc8 14. Kb1 Nb6 15. Rhd1 Nc4 16. Bc1 b4 17. Ne2 Be7 18. Qb3 0-0 19. h4 e5 20. R4d3 Na5 21. Qa4 Bc6 22. Qxb4 d5 23. Qd2 dxe4 24. Rc3 Bb4 25. Bxe4 Bxc3 26. Nxc3 Bxe4 27. Nxe4 Rfd8 28. Qe2 Rxd1 29. Qxd1 Rd8 30. Qe2 Nc4 31. b3 Nd6 32. Ng3 Nb5 33. Ne4 Qc6 34. Kb2 Qd5 35. Bd2 Qd4+ 36. Bc3 Nxc3 37. Nxc3 Rc8 38. Qe3 Qxe3 39. fxe3 f5 40. gxf6 gxf6 41. Nd5 Kf7 42. c4 f5 43. Kc3 Ke6 44. b4 Kd6 45. a4 Rf8 46. b5 axb5 47. axb5 f4 48. exf4 exf4 49. Kd2 Kc5 50. Ke2 Kxc4 51. Nc7 Rc8 52. b6 Rb8 53. Kf3 Rxb6 54. Kxf4 Rf6+ 55. Kg5 Rf7 56. Ne8 Kd5 57. Nf6+ Ke6 58. Nh5 Rf5+ 59. Kg4 Ra5 60. Kf4 Rxh5 0-1

[Event "CAN-ch U20"]
[Site "Mississauga"]
[Date "2011.04.23"]
[Round "4"]
[White "Kleinman, Michael"]
[Black "Gladstone, Simon"]
[Result "1-0"]
[WhiteElo "2279"]
[BlackElo "1999"]
[PlyCount "169"]
[EventDate "2011.04.21"]
[EventType "swiss"]
[EventRounds "9"]
[EventCountry "CAN"]
[SourceTitle "EXT 2022"]
[Source "ChessBase"]
[SourceDate "2021.10.06"]
[SourceVersion "1"]
[SourceVersionDate "2021.10.06"]
[SourceQuality "1"]

1. e4 e6 2. d4 d5 3. Nd2 Be7 4. Ngf3 Nf6 5. e5 Nfd7 6. Bd3 c5 7. c3 Nc6 8. 0-0 Qb6 9. dxc5 Bxc5 10. Qe2 f6 11. b4 Be7 12. exf6 Bxf6 13. Qxe6+ Ne7 14. Qxb6 Nxb6 15. Nd4 Bd7 16. N2b3 Rc8 17. Nc5 0-0 18. Bd2 Nc6 19. Nxd7 Nxd7 20. Nxc6 Rxc6 21. Bb5 Rc7 22. Bxd7 Rxd7 23. Rac1 Rc8 24. Be3 Rxc3 25. Rxc3 Bxc3 26. Bxa7 Bxb4 27. Bd4 Kf7 28. Rb1 Be7 29. Rb6 Rc7 30. g3 Rc4 31. Be5 Re4 32. Bd6 Re6 33. Bc7 Rxb6 34. Bxb6 Bf6 35. Kf1 Ke6 36. Ke2 Kf5 37. Kf3 h5 38. h3 g5 39. g4+ hxg4+ 40. hxg4+ Ke6 41. Ke3 Be5 42. Kd3 Bf4 43. Kd4 Bc1 44. Bc7 Ba3 45. f3 Kd7 46. Ba5 Kc6 47. Bd2 Be7 48. Bc1 b6 49. a4 Bf6+ 50. Kd3 Kd6 51. Be3 Bd8 52. Bd4 Ke6 53. Kc2 Kd6 54. Kd3 Ke6 55. Ke3 Kd6 56. f4 gxf4+ 57. Kxf4 Ke6 58. g5 Bxg5+ 59. Kxg5 Kd7 60. Kf6 Kc7 61. Ke7 Kb7 62. Kd6 Ka6 63. Bc3 d4 64. Be1 Kb7 65. Kd7 Ka8 66. Kc6 Ka7 67. Kb5 Kb7 68. Kc4 Kc6 69. Bb4 d3 70. Bd2 Kb7 71. Kxd3 Ka7 72. Kc4 Ka6 73. Be1 Ka7 74. Bg3 Ka6 75. Kb4 Ka7 76. Kb5 Kb7 77. Bd6 Ka8 78. Bb4 Kb7 79. Bc3 Ka8 80. Kc6 Kb8 81. Bb4 Ka8 82. Kc7 Ka7 83. Bd2 Ka6 84. Kb8 b5 85. a5 1-0

[Event "World ol U16 09th"]
[Site "Burdur"]
[Date "2010.12.04"]
[Round "10"]
[White "Pon, Matt"]
[Black "Gladstone, Simon"]
[Result "0-1"]
[WhiteElo "1589"]
[BlackElo "1944"]
[PlyCount "98"]
[EventDate "2010.11.27"]
[EventType "team-swiss"]
[EventRounds "10"]
[EventCountry "TUR"]
[SourceTitle "CBM 139 Extra"]
[Source "ChessBase"]
[SourceDate "2011.01.05"]
[SourceVersion "1"]
[SourceVersionDate "2011.01.05"]
[SourceQuality "1"]
[WhiteTeam "South Africa"]
[BlackTeam "Canada"]
[WhiteTeamCountry "RSA"]
[BlackTeamCountry "CAN"]

1. e4 e6 2. d4 d5 3. Nd2 Be7 4. Bd3 c5 5. c3 cxd4 6. cxd4 dxe4 7. Nxe4 Nc6 8. Nf3 Nf6 9. 0-0 0-0 10. Nc3 b6 11. Be3 Bb7 12. Rc1 Rc8 13. a3 Na5 14. b4 Nc4 15. Bxc4 Rxc4 16. Ne5 Rc7 17. Qb3 Qa8 18. f3 Rfc8 19. Ne2 Rxc1 20. Rxc1 Rxc1+ 21. Bxc1 Qc8 22. Qc3 Qxc3 23. Nxc3 Nd5 24. Nxd5 Bxd5 25. Kf2 f6 26. Ng4 Kf7 27. Bb2 Ke8 28. Ne3 Bb3 29. Ke2 Kd7 30. Kd3 Kc6 31. Kc3 Bd5 32. Nxd5 Kxd5 33. Kd3 f5 34. g3 Bf6 35. f4 g5 36. Bc3 gxf4 37. gxf4 Bh4 38. Bd2 Bf2 39. Bc3 b5 40. Bb2 Bg1 41. h3 Bf2 42. Bc3 Bg3 43. Bd2 a6 44. Bc1 Be1 45. Bb2 h5 46. Bc1 a5 47. bxa5 Bxa5 48. Bb2 Bc7 49. Bc1 Bd6 0-1

[Event "World ol U16 09th"]
[Site "Burdur"]
[Date "2010.11.30"]
[Round "6"]
[White "Guseynov, Alihan"]
[Black "Gladstone, Simon"]
[Result "1/2-1/2"]
[WhiteElo "2086"]
[BlackElo "1944"]
[PlyCount "93"]
[EventDate "2010.11.27"]
[EventType "team-swiss"]
[EventRounds "10"]
[EventCountry "TUR"]
[SourceTitle "CBM 139 Extra"]
[Source "ChessBase"]
[SourceDate "2011.01.05"]
[SourceVersion "1"]
[SourceVersionDate "2011.01.05"]
[SourceQuality "1"]
[WhiteTeam "Uzbekistan"]
[BlackTeam "Canada"]
[WhiteTeamCountry "UZB"]
[BlackTeamCountry "CAN"]

1. Nf3 Nf6 2. c4 e6 3. g3 d5 4. b3 d4 5. Bb2 c5 6. b4 b6 7. Bg2 Bb7 8. bxc5 Bxc5 9. 0-0 0-0 10. d3 Nc6 11. Nbd2 Qc7 12. Nb3 Rad8 13. Rb1 Ba8 14. Bc1 h6 15. Bd2 Rfe8 16. Qc1 Bf8 17. Qb2 e5 18. Ne1 Nd7 19. Nc2 Nc5 20. Nxc5 Bxc5 21. Qc1 Qd6 22. Na1 Nb4 23. Bxa8 Rxa8 24. Qb2 Na6 25. Nc2 Rad8 26. Ne1 e4 27. Bf4 Qd7 28. dxe4 Rxe4 29. Nd3 Rde8 30. Rfe1 Qe7 31. Qb5 Nc7 32. Qc6 Na6 33. Qa4 Qb7 34. Qb5 Qc8 35. Rb2 Nc7 36. Qc6 Na6 37. Qa4 Qb7 38. Qb5 R4e7 39. a4 g5 40. Bc1 Qc8 41. Qb3 Qc6 42. Rc2 Re6 43. Bb2 Nb8 44. Qa2 Nd7 45. Qa1 Qe4 46. Qd1 Ne5 47. Rf1 1/2-1/2

[Event "North American-ch U16"]
[Site "Montreal"]
[Date "2010.08.18"]
[Round "6"]
[White "Finney, Stuart"]
[Black "Gladstone, Simon"]
[Result "1-0"]
[WhiteElo "2175"]
[BlackElo "1739"]
[PlyCount "113"]
[EventDate "2010.08.16"]
[EventType "swiss"]
[EventRounds "7"]
[EventCountry "CAN"]
[SourceTitle "EXT 2013"]
[Source "ChessBase"]
[SourceDate "2012.11.22"]
[SourceVersion "1"]
[SourceVersionDate "2012.11.22"]
[SourceQuality "1"]

1. e4 e6 2. d4 d5 3. Nd2 Be7 4. Ngf3 dxe4 5. Nxe4 Nf6 6. Nxf6+ Bxf6 7. Bd3 0-0 8. c3 Nc6 9. Qc2 h6 10. Bf4 Re8 11. 0-0-0 Qd5 12. Kb1 Qa5 13. Be4 Bd7 14. g4 Rad8 15. h4 e5 16. g5 exf4 17. d5 Rxe4 18. Qxe4 Ne7 19. Ka1 Bf5 20. Qe2 Bxc3 21. Qxe7 Rxd5 22. Qe2 Rb5 23. Rd8+ Kh7 24. g6+ Bxg6 25. Ng5+ Rxg5 26. hxg5 Qxg5 27. Rb8 Bf6 28. Rd1 b6 29. Qe8 Bc2 30. Re1 Kg6 31. Qc6 Bd3 32. Rb7 Qh4 33. Qg2+ Qg5 34. Qc6 Qh4 35. Qf3 Bf5 36. Rxc7 Qg4 37. Qh1 Qh4 38. Rg1+ Kh7 39. Qxh4 Bxh4 40. Rxf7 Bf6 41. Rxa7 h5 42. a4 Kh6 43. Ra6 Bd4 44. a5 Bd3 45. Rxb6+ Bxb6 46. axb6 Ba6 47. Kb1 Bb7 48. Rd1 h4 49. Rd8 g5 50. Kc1 Kg6 51. Rh8 Kg7 52. Rb8 h3 53. Rxb7+ Kg6 54. Rd7 h2 55. Rd1 g4 56. b7 g3 57. fxg3 1-0

[Event "North American-ch U16"]
[Site "Montreal"]
[Date "2010.08.17"]
[Round "4"]
[White "Hinson, Miles"]
[Black "Gladstone, Simon"]
[Result "1/2-1/2"]
[WhiteElo "2103"]
[BlackElo "1739"]
[PlyCount "51"]
[EventDate "2010.08.16"]
[EventType "swiss"]
[EventRounds "7"]
[EventCountry "CAN"]
[SourceTitle "EXT 2013"]
[Source "ChessBase"]
[SourceDate "2012.11.22"]
[SourceVersion "1"]
[SourceVersionDate "2012.11.22"]
[SourceQuality "1"]

1. e4 e6 2. d4 d5 3. exd5 exd5 4. c4 Nc6 5. Be3 Nf6 6. Bd3 Bb4+ 7. Nc3 0-0 8. Nge2 Be6 9. c5 Qd7 10. 0-0 Bxc3 11. bxc3 Bf5 12. Ng3 Bxd3 13. Qxd3 Rfe8 14. f3 Na5 15. Rfe1 Nc4 16. Bg5 Rxe1+ 17. Rxe1 Re8 18. Qf1 Rxe1 19. Qxe1 Qe8 20. Kf1 Qxe1+ 21. Kxe1 Ne8 22. Nf5 c6 23. Ke2 f6 24. Bf4 Kf7 25. Kd3 g6 26. Ne3 1/2-1/2

[Event "CAN-ch Amateur U2100"]
[Site "Kitchener"]
[Date "2010.07.31"]
[Round "2"]
[White "Gladstone, Simon"]
[Black "Zhou, Kevin"]
[Result "1/2-1/2"]
[WhiteElo "1968"]
[BlackElo "1862"]
[PlyCount "62"]
[EventDate "2010.07.30"]
[EventType "swiss"]
[EventRounds "7"]
[EventCountry "CAN"]
[SourceTitle "EXT 2022"]
[Source "ChessBase"]
[SourceDate "2021.10.06"]
[SourceVersion "1"]
[SourceVersionDate "2021.10.06"]
[SourceQuality "1"]

1. e4 e5 2. Nf3 Nc6 3. Bc4 Bc5 4. d4 Bxd4 5. Nxd4 Nxd4 6. 0-0 Nf6 7. f4 d6 8. fxe5 dxe5 9. Bg5 Be6 10. Na3 Qe7 11. Bxe6 fxe6 12. c3 Nc6 13. Qe2 0-0 14. Nc4 Qe8 15. Rad1 Rd8 16. Rxd8 Qxd8 17. b4 a6 18. a4 Qe8 19. Qd3 Qg6 20. Bxf6 gxf6 21. Rf3 Qe8 22. Qf1 Qd8 23. Ne3 Kg7 24. Rg3+ Kh8 25. Rf3 Nb8 26. Ng4 Nd7 27. Nh6 Qe8 28. Rh3 c5 29. Qf2 Qe7 30. Qh4 cxb4 31. cxb4 Rc8 1/2-1/2

[Event "CAN-ch U16"]
[Site "Windsor"]
[Date "2010.07.09"]
[Round "7"]
[White "Nadeau, Emmanuel"]
[Black "Gladstone, Simon"]
[Result "1-0"]
[WhiteElo "1770"]
[BlackElo "1946"]
[PlyCount "95"]
[EventDate "2010.07.06"]
[EventType "swiss"]
[EventRounds "7"]
[EventCountry "CAN"]
[SourceTitle "EXT 2012"]
[Source "ChessBase"]
[SourceDate "2011.11.24"]
[SourceVersion "1"]
[SourceVersionDate "2011.11.24"]
[SourceQuality "1"]

1. d4 e6 2. c4 Nf6 3. Nc3 Bb4 4. Qc2 0-0 5. Bg5 c5 6. dxc5 Bxc5 7. g3 Bxf2+ 8. Kd2 Bc5 9. Rd1 Nc6 10. Bg2 Qb6 11. Kc1 Be3+ 12. Bxe3 Qxe3+ 13. Kb1 Ng4 14. Nh3 Nf2 15. Nxf2 Qxf2 16. Bf3 Nd4 17. Qd3 Nxf3 18. exf3 Qc5 19. Ne4 Qf5 20. Nd6 Qxd3+ 21. Rxd3 b6 22. Nxc8 Rfxc8 23. Rxd7 Rd8 24. Rhd1 Rxd7 25. Rxd7 Kf8 26. Kc2 Ke8 27. Rc7 Kf8 28. Kc3 g5 29. b4 a5 30. a4 h5 31. Rb7 axb4+ 32. Kxb4 Ra6 33. Kb5 Ra5+ 34. Kb4 Ra6 35. Rc7 Kg7 36. Rc6 Kg6 37. Kb3 Ra5 38. Rxb6 Rf5 39. Kb4 Rxf3 40. a5 Rf2 41. h4 gxh4 42. gxh4 Kf5 43. a6 e5 44. Rb5 Ra2 45. Ra5 Rb2+ 46. Kc5 Rb8 47. a7 Ra8 48. Kb6 1-0

[Event "Toronto Labour Day op U2200"]
[Site "Toronto"]
[Date "2009.09.06"]
[Round "3"]
[White "Gladstone, Simon"]
[Black "Armstrong, Robert J"]
[Result "1/2-1/2"]
[WhiteElo "1927"]
[BlackElo "1814"]
[PlyCount "93"]
[EventDate "2009.09.05"]
[EventType "swiss"]
[EventRounds "6"]
[EventCountry "CAN"]
[SourceTitle "EXT 2011"]
[Source "ChessBase"]
[SourceDate "2010.11.26"]
[SourceVersion "1"]
[SourceVersionDate "2010.11.26"]
[SourceQuality "1"]

1. e4 g6 2. d4 Bg7 3. Nc3 d6 4. f4 Nf6 5. e5 dxe5 6. dxe5 Qxd1+ 7. Kxd1 Ng4 8. Ke1 c6 9. h3 Nh6 10. g4 Be6 11. Nf3 Nd7 12. Be3 Nb6 13. Bxb6 axb6 14. Nd4 Bd7 15. Rd1 0-0-0 16. Bc4 c5 17. Ndb5 Bc6 18. Nd5 Kb8 19. Rh2 Bxd5 20. Bxd5 e6 21. Bf3 Rxd1+ 22. Kxd1 Rd8+ 23. Rd2 Rxd2+ 24. Kxd2 Bf8 25. c4 Ng8 26. g5 h6 27. h4 h5 28. Kd3 Kc8 29. a3 Be7 30. Nc3 Bd8 31. Ne4 Bc7 32. b4 cxb4 33. axb4 Ne7 34. Ng3 Kb8 35. b5 Kc8 36. Bg2 Kb8 37. Bh3 Kc8 38. Ne4 Kd7 39. Kd4 Nf5+ 40. Bxf5 exf5 41. Nf6+ Ke6 42. Nd5 Bd8 43. Kd3 Kd7 44. Kc3 Ke6 45. Kd4 Kd7 46. Kd3 Ke6 47. Kd4 1/2-1/2

[Event "CAN-ch U14"]
[Site "Victoria"]
[Date "2009.07.21"]
[Round "1"]
[White "Gladstone, Simon"]
[Black "Li, Changhe"]
[Result "1/2-1/2"]
[WhiteElo "1876"]
[BlackElo "2106"]
[PlyCount "78"]
[EventDate "2009.07.21"]
[EventType "swiss"]
[EventRounds "8"]
[EventCountry "CAN"]
[SourceTitle "EXT 2011"]
[Source "ChessBase"]
[SourceDate "2010.11.26"]
[SourceVersion "1"]
[SourceVersionDate "2010.11.26"]
[SourceQuality "1"]

1. e4 c5 2. Nf3 e6 3. d4 cxd4 4. Nxd4 a6 5. Nc3 Qc7 6. Bd3 Bd6 7. Qg4 Ne7 8. f4 Bb4 9. Bd2 Kf8 10. 0-0-0 Nbc6 11. Nf3 b5 12. f5 Ne5 13. Nxe5 Qxe5 14. Rhf1 Bb7 15. Bf4 exf5 16. exf5 Qf6 17. Bg5 h5 18. Qh4 Bxc3 19. Bxf6 Bxf6 20. Qg3 h4 21. Qf2 Bd5 22. Kb1 Rh5 23. g4 hxg3 24. hxg3 Bg5 25. Rfe1 Rh6 26. Be4 Bxe4 27. Rxe4 d5 28. Ree1 Rd8 29. Rh1 Rdd6 30. g4 Kg8 31. Qg3 Rdf6 32. a3 Kh7 33. Qe5 Rc6 34. f6 Bxf6 35. Rxh6+ gxh6 36. Qf4 Kg7 37. Rh1 Bg5 38. Qe5+ Bf6 39. Qf4 Bg5 1/2-1/2

[Event "CAN-ch U14"]
[Site "Quebec"]
[Date "2008.07.14"]
[Round "2"]
[White "Michaelis, Nathaniel"]
[Black "Gladstone, Simon"]
[Result "0-1"]
[WhiteElo "1471"]
[BlackElo "1733"]
[PlyCount "82"]
[EventDate "2008.07.14"]
[EventType "swiss"]
[EventRounds "7"]
[EventCountry "CAN"]
[SourceTitle "EXT 2011"]
[Source "ChessBase"]
[SourceDate "2010.11.26"]
[SourceVersion "1"]
[SourceVersionDate "2010.11.26"]
[SourceQuality "1"]

1. e4 e6 2. d4 d5 3. Nc3 Bb4 4. e5 c5 5. Nf3 Ne7 6. Bd3 b6 7. Bd2 Ba6 8. 0-0 Bxd3 9. cxd3 0-0 10. a3 Bxc3 11. bxc3 Nbc6 12. Bg5 cxd4 13. cxd4 h6 14. Bh4 Qd7 15. Qa4 Nf5 16. Rac1 Nxe5 17. Qxd7 Nxd7 18. Bg3 Nxg3 19. fxg3 Rac8 20. Rb1 Rc3 21. Ne5 Nxe5 22. dxe5 Rfc8 23. a4 Rxd3 24. Rb4 Rc4 25. Rf4 Rxb4 26. Rxb4 Rc3 27. Rb2 Rc5 28. Kf2 Kf8 29. Ke3 Ke7 30. g4 f6 31. exf6+ Kxf6 32. h4 Ke5 33. Rb4 Rc4 34. Rb3 Rxg4 35. Kf3 Rxh4 36. g3 Rxa4 37. Re3+ Re4 38. Ra3 a5 39. Ra2 a4 40. Re2 Rxe2 41. Kxe2 a3 0-1

[Event "Guelph Winter Pro Am U2100"]
[Site "Guelph"]
[Date "2008.02.03"]
[Round "5"]
[White "Douglas, Richard"]
[Black "Gladstone, Simon"]
[Result "1-0"]
[WhiteElo "1750"]
[BlackElo "1771"]
[PlyCount "79"]
[EventDate "2008.02.02"]
[EventType "swiss"]
[EventRounds "5"]
[EventCountry "CAN"]
[SourceTitle "EXT 2011"]
[Source "ChessBase"]
[SourceDate "2010.11.26"]
[SourceVersion "1"]
[SourceVersionDate "2010.11.26"]
[SourceQuality "1"]

1. e4 e6 2. d4 d5 3. Nc3 Bb4 4. e5 c5 5. Nf3 Ne7 6. Bg5 Nbc6 7. a3 Bxc3+ 8. bxc3 0-0 9. Bd3 c4 10. Be2 Qa5 11. Qd2 b5 12. 0-0 Bd7 13. h4 f6 14. exf6 gxf6 15. Bh6 Rf7 16. g4 Kh8 17. h5 Rg8 18. Nh2 e5 19. dxe5 Nxe5 20. f3 Qc7 21. Kh1 f5 22. f4 fxg4 23. fxe5 Rxf1+ 24. Bxf1 Nf5 25. Bf4 Be6 26. Bg2 Qe7 27. Kg1 g3 28. Nf3 Nh4 29. Ng5 Nxg2 30. Kxg2 Bf5 31. e6 Qf6 32. Nf7+ Qxf7 33. exf7 Be4+ 34. Kg1 Kg7 35. Bd6 h6 36. fxg8Q+ Kxg8 37. Qxh6 a5 38. Qf8+ Kh7 39. Qf7+ Kh6 40. Bf4# 1-0

[Event "CAN-ch U12"]
[Site "Ottawa"]
[Date "2007.07.04"]
[Round "4"]
[White "Gladstone, Simon"]
[Black "Chan, Alex H"]
[Result "1/2-1/2"]
[WhiteElo "1848"]
[BlackElo "1675"]
[PlyCount "69"]
[EventDate "2007.07.03"]
[EventType "swiss"]
[EventRounds "7"]
[EventCountry "CAN"]
[SourceTitle "EXT 2022"]
[Source "ChessBase"]
[SourceDate "2021.10.06"]
[SourceVersion "1"]
[SourceVersionDate "2021.10.06"]
[SourceQuality "1"]

1. e4 e5 2. Nf3 Nc6 3. Nc3 Nf6 4. d4 exd4 5. Nxd4 Bb4 6. Nxc6 bxc6 7. Bd3 0-0 8. 0-0 Re8 9. Re1 h6 10. Bd2 Bc5 11. e5 Nd5 12. Nxd5 cxd5 13. Qg4 d6 14. Qg3 dxe5 15. Bxh6 Qf6 16. Bb5 Rd8 17. Be3 Bxe3 18. Qxe3 c6 19. Ba4 Re8 20. Rad1 Re7 21. Bb3 Bf5 22. c4 d4 23. Rxd4 exd4 24. Qxe7 Qxe7 25. Rxe7 d3 26. Re1 d2 27. Rd1 Re8 28. f3 Re2 29. Kf1 Bd3 30. c5 Bb5 31. Bc2 Kf8 32. a4 Ba6 33. b4 Bc4 34. h4 a6 35. Kg1 1/2-1/2